| 000 | 01365nam a22002777a 4500 | ||
|---|---|---|---|
| 003 | OSt | ||
| 005 | 20260305023250.0 | ||
| 008 | 260305b |||||||| |||| 00| 0 eng d | ||
| 040 |
_bEnglish. _cCvSU-CCAT Campus Library. _erda. |
||
| 050 |
_aUM HF 5381 _bC84 2024 |
||
| 100 |
_aCuevas, Mico, author. _918831 |
||
| 245 |
_aExpectations, perceptions, and attitudes toward future professional choices among BSBM students of Cavite State University-CCAT Campus : a multi-effect design / _cMico Cuevas, John Lawrence B. De Paula, Louisse Nicole Reyes. |
||
| 260 |
_aRosario, Cavite : _bCavite State University-CCAT Campus, _c2024. |
||
| 300 |
_axi, 80 leaves : _billustrations ; _c28 cm |
||
| 500 | _aUndergraduate Thesis (BSBM)--Cavite State University-CCAT Campus, 2024. | ||
| 504 | _aIncludes bibliographical references and appendices. | ||
| 546 | _aIn English text | ||
| 650 |
_aCareer choice -- Philippines -- Cavite -- Case studies. _918832 |
||
| 650 |
_aVocational guidance -- Philippines -- Cavite. _918833 |
||
| 650 |
_aBusiness students -- Career development. _918834 |
||
| 650 |
_aOccupational preferences -- Philippines -- Cavite. _918835 |
||
| 700 |
_aDe Paula, John Lawrence B., author. _918836 |
||
| 700 |
_aReyes, Louisse Nicole, author. _918837 |
||
| 942 |
_2lcc _cT/M/D _hHF 5381 C84 2024 _kUM |
||
| 999 |
_c4780 _d4780 |
||